[Event "NED-ch U18"]
[Site "Almelo"]
[Date "2022.05.02"]
[Round "2"]
[White "Pham, Khoi"]
[Black "Hooijmans, Max"]
[Result "1-0"]
[WhiteElo "2291"]
[BlackElo "1420"]
[PlyCount "67"]
[EventDate "2022.05.01"]
[EventType "swiss"]
[EventRounds "7"]
[EventCountry "NED"]
[SourceTitle "CBM 208 Extra"]
[Source "ChessBase"]
[SourceDate "2022.07.31"]
[SourceVersion "1"]
[SourceVersionDate "2022.07.31"]
[SourceQuality "1"]

1. e4 e5 2. Nf3 Nc6 3. Bb5 Bc5 4. c3 d6 5. d4 exd4 6. cxd4 Bb4+ 7. Kf1 a6 8. Bxc6+ bxc6 9. Qa4 Rb8 10. a3 Bd7 11. axb4 c5 12. Qc2 Rxb4 13. Bd2 Rc4 14. Bc3 cxd4 15. Nxd4 Nf6 16. Nd2 Rc5 17. Rxa6 0-0 18. Ra5 Re8 19. f3 Nh5 20. Rxc5 dxc5 21. Ne2 Bb5 22. Kf2 Bd3 23. Qd1 f5 24. e5 Re6 25. g3 g5 26. Nc4 g4 27. Nc1 Nf4 28. Nxd3 Nxd3+ 29. Ke2 gxf3+ 30. Ke3 f4+ 31. gxf4 f2 32. Qxd3 Qh4 33. Qf5 Rg6 34. e6 1-0

[Event "NED-ch U16 op"]
[Site "Borne"]
[Date "2019.08.06"]
[Round "3"]
[White "Albertus, Bram"]
[Black "Hooijmans, Max"]
[Result "1-0"]
[WhiteElo "1841"]
[BlackElo "1559"]
[PlyCount "59"]
[EventDate "2019.08.05"]
[EventType "swiss"]
[EventRounds "9"]
[EventCountry "NED"]
[SourceTitle "EXT 2020"]
[Source "ChessBase"]
[SourceDate "2019.10.17"]
[SourceVersion "1"]
[SourceVersionDate "2019.10.17"]
[SourceQuality "1"]

1. c4 e5 2. g3 Nf6 3. Bg2 Bc5 4. Nc3 d6 5. e3 0-0 6. Nge2 c6 7. 0-0 Bg4 8. h3 Bh5 9. e4 Bd4 10. g4 Bg6 11. d3 Nfd7 12. Nxd4 exd4 13. Ne2 c5 14. f4 f6 15. e5 Nc6 16. f5 Be8 17. Nf4 dxe5 18. Ne6 Qc8 19. Nxf8 Kxf8 20. h4 Ne7 21. Qf3 Rb8 22. g5 fxg5 23. hxg5 Ng8 24. f6 gxf6 25. gxf6 Bf7 26. Bh3 Qc7 27. Bg5 b5 28. Qf5 e4 29. Bf4 Qc6 30. Qxd7 1-0

[Event "NED-ch U16 op"]
[Site "Borne"]
[Date "2019.08.05"]
[Round "1"]
[White "Wetzels, Finn"]
[Black "Hooijmans, Max"]
[Result "0-1"]
[WhiteElo "1096"]
[BlackElo "1559"]
[PlyCount "94"]
[EventDate "2019.08.05"]
[EventType "swiss"]
[EventRounds "9"]
[EventCountry "NED"]
[SourceTitle "EXT 2020"]
[Source "ChessBase"]
[SourceDate "2019.10.17"]
[SourceVersion "1"]
[SourceVersionDate "2019.10.17"]
[SourceQuality "1"]

1. e4 e5 2. Bc4 Bc5 3. Nf3 Nc6 4. c3 d6 5. d4 Bb6 6. Bg5 f6 7. Be3 Bg4 8. d5 Bxe3 9. fxe3 Nce7 10. h3 Bxf3 11. Qxf3 Qd7 12. Nd2 0-0-0 13. b4 h5 14. Nb3 g5 15. Rf1 g4 16. Qg3 f5 17. a4 h4 18. Qf2 gxh3 19. exf5 hxg2 20. Qxg2 a6 21. e4 Nf6 22. Bd3 Rdg8 23. Qf2 Kb8 24. Rh1 Rg3 25. Rxh4 Rxh4 26. Qxg3 Rh1+ 27. Kd2 Rxa1 28. Nxa1 Qxa4 29. Nc2 a5 30. Qg7 Neg8 31. Qf8+ Ka7 32. Qd8 Kb6 33. Ne3 Qa2+ 34. Kc1 Qa1+ 35. Kc2 axb4 36. cxb4 Qa2+ 37. Kc3 Qa3+ 38. Kc4 Nxe4 39. Bxe4 Qxe3 40. Bd3 Qd4+ 41. Kb3 Qxd3+ 42. Ka4 Qxd5 43. Ka3 e4 44. f6 Nxf6 45. Qxf6 e3 46. Qf1 c5 47. Ka4 Qa2# 0-1